000 00869nam a2200277 i 4500
001 66527
003 ES-MaACL
005 20230906165706.0
007 t|
008 040227s2002 sp ||||1| spa d
020 _a84-930446-3-6
080 _a929Boves
080 _a987"18"
100 1 _aSemprún, José.
_9105419
245 1 3 _aLa División Infernal
_b: Boves, vencedor de Bolívar /
_cJosé Semprún ; [dibujos, Julián Ernesto Aron].
250 _a1ª ed.
260 _aMadrid :
_bFalcata Ibérica,
_c2002.
300 _a319 p., 4 p. de lám. :
_bil. ;
_c24 cm.
490 1 _aHistorias de España
600 1 4 _aBoves, José Tomás.
_931124
651 4 _aVenezuela-
_xHistoria-
_yS.XIX.
_99521
700 1 _aAron, Julián Ernesto.
_923151
830 0 _aHistorias de España
_9183016
852 _aES-MaACL
_jL-27001
_bR.132445
999 _c66527
_d66527